[Event "Scarborough CC-ch"]
[Site "Toronto"]
[Date "2018.04.19"]
[Round "3"]
[White "Hay, Jonathan"]
[Black "Ghazarian, Tigran"]
[Result "1-0"]
[WhiteElo "1769"]
[BlackElo "1688"]
[PlyCount "47"]
[EventDate "2018.04.05"]
[EventType "swiss"]
[EventRounds "8"]
[EventCountry "CAN"]
[SourceTitle "EXT 2024"]
[Source "ChessBase"]
[SourceDate "2023.10.10"]
[SourceVersion "1"]
[SourceVersionDate "2023.10.10"]
[SourceQuality "1"]

1. d4 Nf6 2. Bf4 g6 3. Nc3 d5 4. e3 Bg7 5. h4 0-0 6. h5 Bg4 7. f3 Bc8 8. hxg6 hxg6 9. Qd2 Re8 10. g4 e6 11. Qh2 Re7 12. Nb5 Na6 13. Bh6 Bh8 14. Bg5 Bg7 15. Bd3 Bd7 16. Bh6 Bh8 17. Bf4 Bg7 18. Nxc7 Nxc7 19. Bxc7 Qc8 20. Be5 Qd8 21. Ne2 Qa5+ 22. c3 Bb5 23. Qh4 Bxd3 24. Bxf6 1-0

[Event "Scarborough CC Jack Frost"]
[Site "Toronto"]
[Date "2018.02.15"]
[Round "6.4"]
[White "Issani, Nameer"]
[Black "Ghazarian, Tigran"]
[Result "1-0"]
[WhiteElo "2073"]
[BlackElo "1823"]
[PlyCount "113"]
[EventDate "2018.01.11"]
[EventType "swiss"]
[EventRounds "6"]
[EventCountry "CAN"]
[SourceTitle "EXT 2022"]
[Source "ChessBase"]
[SourceDate "2021.10.06"]
[SourceVersion "1"]
[SourceVersionDate "2021.10.06"]
[SourceQuality "1"]

1. d4 Nf6 2. c4 g6 3. Nc3 d5 4. cxd5 Nxd5 5. e4 Nxc3 6. bxc3 Bg7 7. Bc4 c5 8. Ne2 cxd4 9. cxd4 0-0 10. 0-0 Nc6 11. Be3 Bg4 12. f3 Bd7 13. Rc1 Rc8 14. Qd2 a6 15. Rfd1 b5 16. Bd3 e6 17. e5 Qa5 18. Be4 Rfd8 19. Nf4 Qxd2 20. Rxd2 Na5 21. Rxc8 Rxc8 22. Rc2 Rxc2 23. Bxc2 Nc4 24. Bf2 Bc6 25. Nd3 Bf8 26. Kf1 Be7 27. Ke2 Kf8 28. Be1 a5 29. Bb3 a4 30. Bd1 Ke8 31. Bb4 Bd8 32. Bc2 g5 33. Nc5 h6 34. Be4 Bxe4 35. Nxe4 Bb6 36. Kd3 Nb2+ 37. Ke3 Nd1+ 38. Kd2 Nb2 39. Nd6+ Kd7 40. Nxb5 Kc6 41. Nd6 Bxd4 42. Nxf7 Kd5 43. Nxh6 Nc4+ 44. Ke2 Nxe5 45. Bd2 Kc4 46. Bxg5 Kc3 47. f4 Nc4 48. f5 exf5 49. Nxf5 Bc5 50. Bf6+ Kc2 51. h4 Nd6 52. Nxd6 Bxd6 53. h5 Bf4 54. g4 Kb1 55. a3 Ka2 56. g5 Kxa3 57. h6 1-0

[Event "Scarborough CC Howard Ridout"]
[Site "Toronto"]
[Date "2017.10.26"]
[Round "7.9"]
[White "Huang, Youhe"]
[Black "Ghazarian, Tigran"]
[Result "0-1"]
[WhiteElo "1849"]
[BlackElo "1707"]
[PlyCount "150"]
[EventDate "2017.09.14"]
[EventType "swiss"]
[EventRounds "7"]
[EventCountry "CAN"]
[SourceTitle "EXT 2022"]
[Source "ChessBase"]
[SourceDate "2021.10.06"]
[SourceVersion "1"]
[SourceVersionDate "2021.10.06"]
[SourceQuality "1"]

1. e4 c5 2. Nf3 Nc6 3. d4 cxd4 4. Nxd4 g6 5. Nc3 Bg7 6. Be3 Nf6 7. f3 0-0 8. Bc4 Qc7 9. Ndb5 Qa5 10. Bd2 Qb6 11. Na4 Qd8 12. Be3 Ne5 13. Bb3 Qa5+ 14. Nac3 a6 15. Nd4 d6 16. g4 Bxg4 17. fxg4 Nexg4 18. Bd2 Qc5 19. Bg5 Qxg5 20. Nf3 Qa5 21. Qe2 Bh6 22. Nd2 Ne3 23. Nf1 Nfg4 24. h3 Nxf1 25. Qxg4 Ne3 26. Qf3 e6 27. Ke2 Rae8 28. Rhg1 d5 29. e5 Nf5 30. Kf1 d4 31. Ne4 Qxe5 32. Re1 Qb5+ 33. Re2 Kg7 34. a4 Qb6 35. h4 Ne3+ 36. Rxe3 Bxe3 37. Qf6+ Kg8 38. h5 d3 39. Rh1 Qd4 40. Qxd4 Bxd4 41. cxd3 Rc8 42. Ke2 Bxb2 43. hxg6 hxg6 44. Rb1 Bg7 45. Bc4 Rc7 46. Nd6 Rb8 47. Bxa6 Rc6 48. Rxb7 Rxb7 49. Bxb7 Rxd6 50. a5 Rd4 51. a6 Ra4 52. Kf3 Kf8 53. Ke3 Ke7 54. Kd2 Kd6 55. Kc2 Kc7 56. Kb3 Ra1 57. Kb4 Rb1+ 58. Kc5 Rxb7 59. axb7 Kxb7 60. Kd6 f5 61. Kxe6 f4 62. Kf7 f3 63. Kxg7 g5 64. Kf6 g4 65. Kg5 f2 66. Kxg4 f1Q 67. d4 Qg1+ 68. Kf5 Qxd4 69. Ke6 Qc5 70. Kf6 Qd6+ 71. Kf7 Kc6 72. Ke8 Qd7+ 73. Kf8 Kd6 74. Kg8 Ke6 75. Kh8 Kf6 0-1

[Event "Scarborough CC Howard Ridout"]
[Site "Toronto"]
[Date "2017.10.05"]
[Round "4.9"]
[White "Ghazarian, Tigran"]
[Black "Sharpe, Sam"]
[Result "1-0"]
[WhiteElo "1707"]
[BlackElo "1955"]
[PlyCount "69"]
[EventDate "2017.09.14"]
[EventType "swiss"]
[EventRounds "7"]
[EventCountry "CAN"]
[SourceTitle "EXT 2022"]
[Source "ChessBase"]
[SourceDate "2021.10.06"]
[SourceVersion "1"]
[SourceVersionDate "2021.10.06"]
[SourceQuality "1"]

1. e4 e6 2. d4 d5 3. Nd2 Nf6 4. e5 Nfd7 5. Bd3 c5 6. c3 Nc6 7. Ne2 Qb6 8. Nf3 cxd4 9. cxd4 f6 10. exf6 Nxf6 11. 0-0 Bd6 12. Re1 0-0 13. Nc3 Bd7 14. a3 Rae8 15. Bc2 Kh8 16. Bg5 a6 17. Qd3 g6 18. Bh6 Rg8 19. h3 e5 20. Bg5 Be7 21. Bxf6+ Bxf6 22. Nxd5 Qd8 23. Nxf6 Qxf6 24. dxe5 Nxe5 25. Rxe5 Rxe5 26. Nxe5 Bf5 27. Qc3 Bxc2 28. Nxg6+ Rxg6 29. Qxc2 Kg8 30. Qc8+ Kg7 31. Qxb7+ Kh6 32. Re1 a5 33. Re7 Qf4 34. Rxh7+ Kg5 35. Qd5+ 1-0